000 00827 a2200217 4500
020 _a047001234X
020 _a 047001234X
020 _a9780470016534 (Online)
040 _aDLC
_bDLC
082 _a621.382
100 1 _aEylert, Bernd.
245 1 4 _aThe mobile multimedia business : requirements and solutions
_brequirements and solutions
_cBernd Eylert.
246 3 _aMobile multimedia business [electronic resource]
260 _aChichester ;
_aHoboken, NJ :
_bJohn Wiley,
_cc2005.
300 _axvii, 307 p. :
_bill. ;
_c25 cm.
650 0 _aMobile communication systems.
650 0 _aMultimedia communications.
710 2 _aWiley InterScience (Online service)
856 4 1 _uhttp://libproxy1.nus.edu.sg/login?url=http://www3.interscience.wiley.com/cgi-bin/homepage/?isbn=9780470016534
942 _cBK
_k621.382 EYL
_2ddc
999 _c8126
_d8126